000 00427nab a2200145Ia 4500
003 ES-SlBCS
005 20210601125011.0
008 140529s2004 xxu||||| |||| 00| 0 eng d
041 _aeng
100 1 _aHawley, Katherine
_9151122
245 0 0 _aBorderline Simple or Extremely Simple
_c Katherine Hawley
600 1 4 _aLewis, David
_9132381
773 0 _tMonist, the
_gvol. 87, nº. 3, 2004, págs. 385-404
_wRev1667
942 _cAR
999 _c523080
_d523080